| 000 | 00501nam a22001217a 4500 | ||
|---|---|---|---|
| 999 |
_c21439 _d21439 |
||
| 008 | 240910b ||||| |||| 00| 0 eng d | ||
| 100 |
_aCayaban Lee, Dominica. _eauthor. _960482 |
||
| 245 |
_aThe implementation of the constructivism approach in Sta. Magdalena district / _cDominica Cayaban Lee. |
||
| 260 |
_aPhilippines; _bPublishers Association of the Philippines, Inc., _cOctober 2019. |
||
| 300 | _aVolume 168, pages 169-171. | ||
| 700 |
_aCayaban Lee, Dominica. _eauthor. _960482 |
||
| 942 |
_2ddc _cPER |
||